000 00782nam a22003010a 4500
001 PT45319
003 AR-LpoUNG
005 20250205140344.0
008 191001s2010||||ag |||||||||||||||||spa d
020 _a9789871534166
_c$6,18
040 _aAR-LpoUNG
_bspa
_cAR-LpoUNG
_eaacr
041 1 _aspa
044 _aag
082 0 _a808.068 3 618sill
100 1 _aLeroux, Gastón
245 1 3 _aEl sillón encantado
250 _a1ra. ed.
260 _aBuenos Aires :
_bPictus,
_c2010.
300 _a208 p. :
_bil.
505 0 _aSugerido a partir de 14 años (etiqueta VERDE)
650 4 _aLITERATURA
650 4 _aNOVELAS
653 0 _aCIENCIA FICCION
653 0 _aLITERATURA INFANTOJUVENIL
700 1 _aGonzález, Alba
_etr.
905 _a45319
942 _cLIB
_2ddc
999 _c7732
_d7732